01374cam a22003375a 4500001001000000003000400010005001700014008004100031020003000072020002700102040003600129082002100165100002800186245009500214250002400309260005000333300002900383500002400412504004100436650004000477650003800517650005100555651001000606653003800616700002900654700002700683942000800710999001700718952014300735952015800878016864912OSt20201128023643.0150819t2015 enka frb 001 0 eng d a9781292065199 (paperback) a1292065192 (paperback) aStDuBDSbengcStDuBDSdEG-ScBUE04a332.042222bKRU1 aKrugman, Paul R.93889210aInternational finance :btheory and policy /cPaul Krugman, Maurice Obstfeld, Marc Melitz. a10th ed., Global ed aHarlow :bPearson Education Limited,cc.2015. a455 p. :bill. ;c26 cm. aIndex : p. 443-453. aIncludes bibliographical references. 7aInternational finance.2BUEsh91619 7aInternational trade.945082BUEsh 7aInternational economic relations.930362BUEsh 2BUEsh bBUSADMcFebruary2016cOctober20161 aObstfeld, Maurice9294511 aMelitz, Marc J.929452 2ddc c21237d21209 00102ddc40708AcademicaMAINbMAINc1STd2016-02-24ePurchaseg330.00h4874l0o332.042 KRUp000031724r2025-07-15 00:00:00v412.50yBB 00102ddc40708AcademicaMAINbMAINc1STd2016-10-16ePurchaseg330.00h9154l1m2o332.042 KRUp000034097r2025-07-15 00:00:00s2018-09-26v412.50yBB